|
|
|
|
| LEADER |
00000nam0a2200000 4500 |
| 001 |
315572 |
| 005 |
20231102002807.0 |
| 035 |
|
|
|a (RuTPU)RU\TPU\book\341008
|
| 090 |
|
|
|a 315572
|
| 100 |
|
|
|a 20160302d1982 km y0rusy50 ca
|
| 101 |
0 |
|
|a rus
|
| 102 |
|
|
|a UA
|
| 105 |
|
|
|a a z 001zy
|
| 200 |
1 |
|
|a Лучевой метод в геометрической сейсмике сложнопостроенных слоистых сред
|f А. Н. Герасименко
|g Академия наук Украинской ССР (АН УССР), Институт геофизики (ИГФ)
|
| 210 |
|
|
|a Киев
|c Наукова думка
|d 1982
|
| 215 |
|
|
|a 186 с.
|c ил.
|
| 320 |
|
|
|a Библиогр.: с. 180-183
|
| 606 |
1 |
|
|a Сейсмические волны
|x Распространение в слоистых средах
|2 stltpush
|3 (RuTPU)RU\TPU\subj\54358
|9 72515
|
| 606 |
1 |
|
|a Сейсмическая разведка
|2 stltpush
|3 (RuTPU)RU\TPU\subj\54338
|9 72495
|
| 610 |
1 |
|
|a лучевые методы
|
| 610 |
1 |
|
|a геометрическая сейсмика
|
| 610 |
1 |
|
|a слоистые среды
|
| 610 |
1 |
|
|a тензорный анализ
|
| 610 |
1 |
|
|a римановы метрики
|
| 610 |
1 |
|
|a хронометрия
|
| 610 |
1 |
|
|a волновые фронты
|
| 610 |
1 |
|
|a геометрические характеристики
|
| 675 |
|
|
|a 550.347
|v 4
|
| 675 |
|
|
|a 550.834
|v 4
|
| 700 |
|
1 |
|a Герасименко
|b А. Н.
|g Андрей Николаевич
|
| 712 |
0 |
2 |
|a Академия наук Украинской ССР (АН УССР)
|b Институт геофизики (ИГФ)
|c (Киев)
|2 stltpush
|3 (RuTPU)RU\TPU\col\13865
|
| 801 |
|
1 |
|a RU
|b 63413507
|c 20160302
|
| 801 |
|
2 |
|a RU
|b 63413507
|c 20200120
|g RCR
|
| 942 |
|
|
|c BK
|